Gramática histórica española / (Record no. 69531)

MARC details
000 -LEADER
campo de control de longitud fija 00755nam a2200241 i 4500
001 - NÚMERO DE CONTROL
campo de control 69531
003 - IDENTIFICADOR DE NÚMERO DE CONTROL
campo de control ES-MaACL
005 - FECHA Y HORA DE LA ÚLTIMA TRANSACCIÓN
campo de control 20240505063022.0
007 - CAMPO FIJO DE DESCRIPCIÓN FÍSICA--INFORMACIÓN GENERAL
campo de control de longitud fija t|
008 - DATOS DE LONGITUD FIJA--INFORMACIÓN GENERAL
campo de control de longitud fija 040707s1981 sp ||||1| spa d
020 ## - NÚMERO INTERNACIONAL ESTÁNDAR DEL LIBRO
Número Internacional Estándar del Libro 84-249-3315-X
100 1# - ENTRADA PRINCIPAL--NOMBRE DE PERSONA
Nombre de persona García de Diego, Vicente,
Fechas asociadas al nombre 1878-1978
9 (RLIN) 54421
245 10 - MENCIÓN DEL TÍTULO
Título Gramática histórica española /
Mención de responsabilidad, etc. Vicente García de Diego.
250 ## - MENCION DE EDICION
Mención de edición 3ª ed. corr., 1ª reimp.
260 ## - PUBLICACIÓN, DISTRIBUCIÓN, ETC.
Lugar de publicación, distribución, etc. Madrid :
Nombre del editor, distribuidor, etc. Gredos,
Fecha de publicación, distribución, etc. 1981.
300 ## - DESCRIPCIÓN FÍSICA
Extensión 622 p. ;
Dimensiones 20 cm.
490 1# - MENCIÓN DE SERIE
Mención de serie Manuales universitarios ;
Designación de volumen o secuencia 3
500 ## - NOTA GENERAL
Nota general Indice.
650 #4 - PUNTO DE ACCESO ADICIONAL DE MATERIA--TÉRMINO DE MATERIA
Término de materia o nombre geográfico como elemento de entrada Lengua española-
Subdivisión general Gramática histórica.
9 (RLIN) 14164
830 0# - PUNTO DE ACCESO ADICIONAL DE SERIE-TÍTULO UNIFORME
Título uniforme Manuales universitarios ;
Designación de volumen o secuencia 3
9 (RLIN) 182537
852 ## - LOCALIZACIÓN
Ubicación ES-MaACL
Número de control de estantería L-9716
Sublocalización o colección R.111520
Holdings
Estatus retirado Estado de pérdida Estado de daño No para préstamo Biblioteca de origen Biblioteca actual Ubicación en estantería Fecha de adquisición Fuente de adquisición Total de préstamos Signatura topográfica completa Código de barras Visto por última vez Precio de reemplazo Tipo de ítem Koha
        Biblioteca del Ateneo de Madrid Biblioteca del Ateneo de Madrid Depósito 2 17/01/2008     L-9716 1072809 23/02/2023 23/02/2023 Libro impreso